| 000 | 01021nam a2200241Ia 4500 | ||
|---|---|---|---|
| 003 | OSt | ||
| 005 | 20220923214259.0 | ||
| 006 | a|||||r|||| 00| 0 | ||
| 007 | ta | ||
| 008 | 220922b |||||||| |||| 00| 0 hin d | ||
| 024 | _a168,420 | ||
| 037 | _cTextual | ||
| 040 |
_aARTS _cARTS _bhin |
||
| 041 |
_2hin _ahin |
||
| 082 | _aO152,1M68:g, H1 | ||
| 100 |
_aहरदयालुसिंह _9156945 |
||
| 245 | 0 |
_aपूर्णत्पराग _b राय देवी प्रसाद पूर्ण का जीवन-चरित एवं उनकी रचनाओं का आलोचनावलित परिचय और संग्रह |
|
| 246 | _aPūrṇatparāga: rāya devī prasād pūrṇa kā jīvana-charit evan unakī rachanāoan kā ālochanāvalit parichaya aur sangraha | ||
| 260 | _c1941 | ||
| 650 |
_aहिन्दी साहित्य _9156264 |
||
| 942 |
_hO152,1M68:g, H1 _cTEXL _2CC |
||
| 999 |
_c322890 _d322890 |
||